Propuesta de estructuración del área de Recursos Humanos y manuales internos en la tabacalera La Corona Cigars S.A, Estelí 2020
Se propone un manual de funciones y procedimientos, como una herramienta administrativa que permita orientar y facilitar el control interno de la entidad y un manual interno como apoyo al proceso organizativo, ya que precisa los mecanismos de participación de cada área.
| Main Authors: | , , |
|---|---|
| Other Authors: | |
| Format: | Tesis Section = Libro |
| Language: | Undetermined Spanish |
| Published: |
Managua
UNI
2020
|
| Subjects: |
| LEADER | 01223nam a2200277Ia 4500 | ||
|---|---|---|---|
| 008 | 240830s9999 xx 000 0 und d | ||
| 040 | |a BIBLIOTECA-RUPAP Mon 658.402 A663 | ||
| 041 | |a spa | ||
| 082 | |a Mon 658.402 A663 | ||
| 100 | 1 | |a Arauz López, Josselyn Dayana | |
| 100 | 1 | |b Blandón Pérez, Winston Ernesto | |
| 100 | 1 | |c Centeno Lanuza, Liz Dayana | |
| 245 | 1 | 0 | |a Propuesta de estructuración del área de Recursos Humanos y manuales internos en la tabacalera La Corona Cigars S.A, Estelí 2020 |
| 260 | |a Managua |b UNI |c 2020 | ||
| 300 | |a 154 p. :il | ||
| 500 | |a Contiene: anexos y CD. | ||
| 502 | |a Tesis (Ingeniero Industrial) - UNI, 2020. | ||
| 520 | 3 | |a Se propone un manual de funciones y procedimientos, como una herramienta administrativa que permita orientar y facilitar el control interno de la entidad y un manual interno como apoyo al proceso organizativo, ya que precisa los mecanismos de participación de cada área. | |
| 650 | 7 | |a ORGANIZACIÓN INTERNA | |
| 650 | 7 | |b ORGANIZACIÓN-MANUALES | |
| 650 | 7 | |c MANUALES ADMINISTRATIVOS | |
| 650 | 7 | |d ADMINISTRACION DE RECURSOS HUMANOS. | |
| 700 | 1 | |a Tutor: |b Sevilla Midence, Reyna Isabel | |
| 942 | |c BK |2 ddc | ||
| 991 | |a TESIS | ||
| 999 | |c 18934 | ||